Govt. of
Madhya Pradesh

A History Modern India For UPSC and State Civil Services Examinations (Record no. 67304)

MARC details
000 -LEADER
fixed length control field 00285nam a22001097a 4500
082 ## - DEWEY DECIMAL CLASSIFICATION NUMBER
Classification number 954
100 ## - MAIN ENTRY--AUTHOR NAME
Personal name Malhotra,Raj
245 ## - TITLE STATEMENT
Title A History Modern India For UPSC and State Civil Services Examinations
260 ## - PUBLICATION, DISTRIBUTION, ETC. (IMPRINT)
Place of publication Delhi
Name of publisher Pearson
Year of publication 2024
650 ## - SUBJECT ADDED ENTRY--TOPICAL TERM
Topical Term History
942 ## - ADDED ENTRY ELEMENTS (KOHA)
Koha item type Competitive Books
Holdings
Withdrawn status Lost status Damaged status Not for loan Home library Current library Date acquired Cost, normal purchase price Full call number Accession Number Price effective from Koha item type
        MACL MACL 20/10/2024 350.00 954 DPI002639 20/10/2024 Competitive Books